Statistics for Top 100 NCAA Football Players (2019-2020)

Click here to take the quiz!

General Stats

  • This quiz has been taken 271 times
  • The average score is 23 of 100

Answer Stats

#TeamPositionPlayer% Correct
1ClemsonQBTrevor Lawrence
95%
2AlabamaQBTua Tagovailoa
84%
3WisconsinRBJonathan Taylor
79%
64ArizonaRBJJ Taylor
76%
11OregonQBJustin Herbert
67%
4AlabamaWRJerry Jeudy
65%
9Ohio StateDLChase Young
62%
7ClemsonRBTravis Etienne
60%
28OklahomaQBJalen Hurts
54%
5AuburnDLDerrick Brown
53%
6LSUSGrant Delpit
49%
87Ohio StateQBJustin Fields
47%
23GeorgiaQBJake Fromm
46%
44TexasWRCollin Johnson
41%
8PurdueWRRondale Moore
41%
51UtahCBJaylon Johnson
40%
62MinnesotaWRTyler Johnson
40%
20ClemsonWRTee Higgins
39%
33OklahomaWRCeeDee Lamb
38%
17GeorgiaOTAndrew Thomas
36%
71AlabamaRBNajee Harris
35%
39AlabamaWRJaylen Waddle
34%
82Ohio StateRBJ.K. Dobbins
34%
70WashingtonOLNick Harris
34%
15Boston CollegeRBAJ Dillon
33%
12ColoradoWRLaviska Shenault Jr.
32%
13OregonOTPenei Sewell
32%
37GeorgiaRBD'Andre Swift
30%
35ClemsonWRJustyn Ross
30%
74Michigan StateDLRaequan Williams
30%
19FloridaCBCJ Henderson
29%
84Texas A&MQBKellen Mond
28%
41TexasQBSam Ehlinger
28%
49OklahomaLBKenneth Murray
27%
90MichiganQBShea Patterson
27%
14IowaDEA.J. Epenesa
25%
68HoustonQBD'Eriq King
23%
91IowaOLTristan Wirfs
23%
65IowaOLAlaric Jackson
21%
16AlabamaLBDylan Moses
21%
59Oregon StateRBJemar Jefferson
21%
10AlabamaDLRaekwon Davis
21%
56TCUWRJalen Reagor
20%
24AlabamaCBTrevon Diggs
20%
88UtahRBZach Moss
19%
27Oklahoma StateWRTylan Wallace
18%
25WashingtonOTTrey Adams
17%
53OklahomaRBTrey Sermon
17%
75ClemsonCBAJ Terrell
16%
99BaylorQBCharlie Brewer
16%
48ClemsonLBIsaiah Simmons
16%
69Penn StateDLYetur Gross-Matos
16%
72ArizonaQBKhalil Tate
15%
30VirginiaCBBryce Hall
14%
18NorthwesternLBPaddy Fisher
14%
85OregonLBTroy Dye
14%
32AlabamaOLAlex Leatherwood
13%
97MarylandRBAnthony McFarland
13%
42Arizona StateRBEno Benjamin
13%
86AlabamaSXavier McKinney
13%
29VanderbiltRBKe'Shawn Vaughn
12%
47LSUCBKristian Fulton
12%
58AuburnLBMarlon Davidson
12%
36StanfordOLWalker Little
12%
95Boise StateEdgeCurtis Weaver
11%
54CaliforniaLBEvan Weaver
11%
76Ohio StateLBMalik Harrison
11%
96UCFSRichie Grant
11%
21WisconsinOLTyler Biadasz
11%
22UtahDLBradlee Anae
10%
43SyracuseSAndre Cisco
9%
31Notre DameDLJulian Okwara
9%
67MichiganCBLavert Hill
9%
46MissouriTEAlbert Okwuegbunam
8%
63TexasSCaden Sterns
8%
52Michigan StateDLKenny Willekes
8%
77UtahDLLeki Fotu
8%
60North TexasQBMason Fine
8%
50GeorgiaSRichard Lecounte
8%
61AlabamaEdgeAnfernee Jennings
7%
38FloridaDLJabari Zuniga
7%
94Texas A&MPBraden Mann
6%
79OklahomaTEGrant Calcaterra
6%
73VanderbiltTEJared Pinkney
6%
93GeorgiaSJR Reed
6%
89WashingtonDBMyles Bryant
6%
26AuburnDLNick Coe
6%
98AuburnOLPrince Tega Wanogho
6%
34MiamiLBShaq Quarterman
6%
92Michigan StateLBJoe Bachie
5%
66GeorgiaLBMonty Rice
5%
100SyracuseKAndre Szmyt
4%
83Georgia SouthernCBKindle Vildor
4%
57Notre DameLBAlohi Gilman
3%
55WisconsinOLCole Van Lanen
3%
40MichiganLBKhaleke Hudson
3%
45ClemsonDLNyles Pinckney
3%
80Utah StateLBDavid Woodward
2%
78UCFRBGreg McCrae
2%
81MissouriDBDeMarkus Acy
1%

Score Distribution

Percentile by Number Answered

Percent of People with Each Score

Your Score History

You have not taken this quiz